000 00270nam a2200097Ia 4500
008 231107s2001 xx 000 0 und d
041 _aeng
100 _aSmith W.D.
245 _aMcGraw-Hill on site guide to building codes 2000
260 _aNew York
_bMcgraw hill New
_c2001
999 _c923821
_d923821